banner koha

Acao bacteriostatica e bactericida, in vitro, do acido P - aminosalicilico (sal sodico)sobre as brucelas (Registro n. 11912)

MARC details
000 -LÍDER
campo de controle de tamanho fixo 00829nam a22002657a 4500
001 - NÚMERO DE CONTROLE
campo de controle BR6003202
003 - IDENTIFICADOR DO NÚMERO DE CONTROLE
campo de controle BR-BrBNA
005 - DATA E HORÁRIO DA ÚLTIMA TRANSAÇÃO
campo de controle 20230928083148.0
007 - CAMPO FIXO DE DESCRIÇÃO FÍSICA--INFORMAÇÃO GERAL
campo de controle de tamanho fixo ta
008 - CAMPO DE DADOS FIXOS--INFORMAÇÃO GERAL
campo de controle de tamanho fixo 230509b bl.||||| |||| 00| 0 por d
040 ## - FONTE DA CATALOGAÇÃO
Instituição da catalogação original BR-BrBNA
Idioma da catalogação por
Instituição que transcreveu o registro Biblioteca Nacional de Agricultura
041 ## - CÓDIGO DE IDIOMA
Código do idioma do texto/trilha sonora ou título diferente (Por)
072 ## - CÓDIGO DE CATEGORIA DE ASSUNTO
Código de Categoria de Assunto L73
090 ## - NÚMERO DE CHAMADA LOCAL
-- L73 BR6003202
100 1# - ENTRADA PRINCIPAL--NOME PESSOAL
Nome pessoal Macedo, L.R.T. de
110 1# - ENTRADA PRINCIPAL--NOME CORPORATIVO
Nome corporativo ou nome da jurisdição Escola Fluminense de Medicina Veterinaria, Rio de Janeiro, GB (Brasil)
Grau Universitário Tese (Catedra)
9 (RLIN) 4313
245 1# - TÍTULO
Título Acao bacteriostatica e bactericida, in vitro, do acido P - aminosalicilico (sal sodico)sobre as brucelas
260 3# - PUBLICAÇÃO, DISTRIBUIÇÃO, ETC.
Local de publicação, distribuição, etc. Rio de Janeiro, GB (Brasil):
Data da publicação, distribuição, etc. 1945.
300 ## - DESCRIÇÃO FÍSICA
Extensão 61 p.
500 ## - NOTA GERAL
Nota geral Bibliography (111 ref.)
650 ## - ASSUNTO--TERMO TÓPICO
Cabeçalho tópico ou nome geográfico Doenca animal
650 ## - ASSUNTO--TERMO TÓPICO
Cabeçalho tópico ou nome geográfico Brucelose
909 ## -
-- 202309
-- Lucia
-- 55
-- Lucia Elande
942 ## - ELEMENTOS DE ENTRADA ADICIONADOS (KOHA)
Tipo de material Koha Livros
Exemplares
Situação do descarte Fonte da classificação ou esquema de arquivamento na estante Situação física Não pode ser emprestado Coleção Biblioteca de origem Biblioteca atual Total de empréstimos Número de telefone completo Código de barras Data de último acesso Número do exemplar Tipo de material Koha Situação das perdas Data de aquisição Fonte de aquisição
  Classificação AGRIS       Biblioteca Nacional de Agricultura - Binagri Biblioteca Nacional de Agricultura - Binagri   L73 BR6003202 L73 BR6003202 25/09/2023 01 Livros   2023-09-25 Portaria Interministerial nº 164/94

BINAGRI

Telefone: (61)3218-2567/2388/3357/2097 - binagri@agro.gov.br

Ministério da Agricultura e Pecuária , Esplanada dos Ministérios, Bloco D, Anexo B, Brasília/DF, CEP: 70.043-900